[Event "XVII Open Internacional Villa de Ibi"]
[Site "Ibi, Spain"]
[Date "2019.09.08"]
[Round "8.1"]
[White "Plaskett, H James"]
[Black "Giaccio, Alfredo"]
[Result "1/2-1/2"]
[WhiteElo "2415"]
[BlackElo "2420"]
[PlyCount "128"]
[EventDate "2019.??.??"]

1. c4 {[%clk 00:14:55]} 1... e6 {[%clk 00:14:38]  [%emt 00:00:30]} 2. d4 {
[%clk 00:14:49]  [%emt 00:00:18]} 2... Bb4+ {[%clk 00:14:31]  [%emt 00:00:04]}
3. Nc3 {[%clk 00:14:47]} 3... b6 {[%clk 00:14:15]  [%emt 00:00:13]} 4. e4 {
[%clk 00:14:20]  [%emt 00:00:26]} 4... Bb7 {[%clk 00:14:12]  [%emt 00:00:19]}
5. f3 {[%clk 00:14:20]} 5... Ne7 {[%clk 00:13:37]  [%emt 00:00:23]} 6. Bd3 {
[%clk 00:13:30]  [%emt 00:01:24]} 6... f5 {[%clk 00:13:00]  [%emt 00:00:08]} 7.
a3 {[%clk 00:13:04]  [%emt 00:00:32]} 7... Bxc3+ {
[%clk 00:12:29]  [%emt 00:00:29]} 8. bxc3 {[%clk 00:13:05]  [%emt 00:00:18]}
8... O-O {[%clk 00:12:10]  [%emt 00:00:06]} 9. Nh3 {
[%clk 00:10:03]  [%emt 00:03:02]} 9... fxe4 {[%clk 00:10:55]  [%emt 00:01:19]}
10. fxe4 {[%clk 00:10:04]} 10... Ng6 {[%clk 00:09:48]  [%emt 00:01:10]} 11. Bg5
{[%clk 00:10:04]  [%emt 00:00:04]} 11... Qe8 {[%clk 00:09:45]  [%emt 00:00:04]}
12. Qg4 {[%clk 00:09:51]  [%emt 00:00:14]} 12... e5 {
[%clk 00:09:21]  [%emt 00:00:50]} 13. Kd2 {[%clk 00:08:45]  [%emt 00:00:42]}
13... d6 {[%clk 00:08:56]  [%emt 00:00:48]} 14. Rhf1 {[%clk 00:08:45]} 14...
Rxf1 {[%clk 00:08:00]  [%emt 00:00:43]} 15. Rxf1 {[%clk 00:08:46]} 15... Nc6 {
[%clk 00:07:56]  [%emt 00:00:07]} 16. Be3 {[%clk 00:07:06]  [%emt 00:01:40]}
16... Bc8 {[%clk 00:06:32]  [%emt 00:01:30]} 17. Qh5 {[%clk 00:07:06]} 17...
Bxh3 {[%clk 00:05:53]  [%emt 00:00:45]} 18. gxh3 {
[%clk 00:06:18]  [%emt 00:00:44]} 18... Na5 {[%clk 00:05:27]  [%emt 00:00:25]}
19. Qf5 {[%clk 00:05:31]  [%emt 00:00:49]} 19... Kh8 {
[%clk 00:04:57]  [%emt 00:00:38]} 20. Qf7 {[%clk 00:04:18]  [%emt 00:01:26]}
20... Qxf7 {[%clk 00:03:19]  [%emt 00:01:29]} 21. Rxf7 {[%clk 00:04:19]} 21...
Rc8 {[%clk 00:03:20]  [%emt 00:00:16]} 22. c5 {[%clk 00:03:54]  [%emt 00:00:10]
} 22... Kg8 {[%clk 00:03:21]  [%emt 00:00:04]} 23. Rf5 {
[%clk 00:03:02]  [%emt 00:00:48]} 23... Ne7 {[%clk 00:01:52]  [%emt 00:01:32]}
24. Rf1 {[%clk 00:03:01]  [%emt 00:00:31]} 24... Rf8 {
[%clk 00:01:47]  [%emt 00:00:03]} 25. cxd6 {[%clk 00:01:50]  [%emt 00:01:03]}
25... cxd6 {[%clk 00:01:47]} 26. Kc2 {[%clk 00:01:27]  [%emt 00:00:13]} 26...
Rxf1 {[%clk 00:01:42]  [%emt 00:00:16]} 27. Bxf1 {[%clk 00:01:28]} 27... Kf7 {
[%clk 00:01:31]  [%emt 00:00:05]} 28. dxe5 {[%clk 00:01:18]  [%emt 00:00:17]}
28... dxe5 {[%clk 00:01:31]  [%emt 00:00:15]} 29. Ba6 {
[%clk 00:00:58]  [%emt 00:00:07]} 29... Ke6 {[%clk 00:01:29]  [%emt 00:00:07]}
30. c4 {[%clk 00:00:47]  [%emt 00:00:10]} 30... Kd6 {
[%clk 00:01:27]  [%emt 00:00:04]} 31. Kc3 {[%clk 00:00:47]} 31... Nec6 {
[%clk 00:00:58]  [%emt 00:00:32]} 32. Bb5 {[%clk 00:00:46]  [%emt 00:00:03]}
32... Nb7 {[%clk 00:00:55]  [%emt 00:00:15]} 33. Ba4 {[%clk 00:00:45]} 33...
Nc5 {[%clk 00:00:50]  [%emt 00:00:04]} 34. Bc2 {[%clk 00:00:46]} 34... Nd8 {
[%clk 00:00:45]  [%emt 00:00:07]} 35. Kb4 {[%clk 00:00:38]  [%emt 00:00:05]}
35... Nde6 {[%clk 00:00:37]  [%emt 00:00:13]} 36. Kc3 {[%clk 00:00:39]} 36...
Nf4 {[%clk 00:00:36]  [%emt 00:00:17]} 37. h4 {[%clk 00:00:40]} 37... h5 {
[%clk 00:00:30]} 38. Bf2 {[%clk 00:00:39]} 38... g6 {[%clk 00:00:32]} 39. Be3 {
[%clk 00:00:39]} 39... a6 {[%clk 00:00:32]  [%emt 00:00:03]} 40. Bf2 {
[%clk 00:00:39]  [%emt 00:00:04]} 40... Ne2+ {[%clk 00:00:28]  [%emt 00:00:07]}
41. Kd2 {[%clk 00:00:37]  [%emt 00:00:04]} 41... Nd4 {[%clk 00:00:28]} 42. Bb1
{[%clk 00:00:39]} 42... Nf3+ {[%clk 00:00:28]  [%emt 00:00:03]} 43. Ke2 {
[%clk 00:00:38]} 43... Nxh2 {[%clk 00:00:29]  [%emt 00:00:04]} 44. Be3 {
[%clk 00:00:33]  [%emt 00:00:05]} 44... Ng4 {[%clk 00:00:30]  [%emt 00:00:11]}
45. Bg1 {[%clk 00:00:34]} 45... Nf6 {[%clk 00:00:29]} 46. Be3 {[%clk 00:00:32]}
46... Nfxe4 {[%clk 00:00:30]} 47. Bxc5+ {[%clk 00:00:31]} 47... Nxc5 {
[%clk 00:00:30]  [%emt 00:00:05]} 48. Bxg6 {[%clk 00:00:32]} 48... Ne6 {
[%clk 00:00:31]} 49. Ke3 {[%clk 00:00:31]  [%emt 00:00:10]} 49... Nf4 {
[%clk 00:00:30]} 50. Bf7 {[%clk 00:00:28]} 50... Ke7 {
[%clk 00:00:29]  [%emt 00:00:12]} 51. Bg8 {[%clk 00:00:26]} 51... Ng2+ {
[%clk 00:00:23]  [%emt 00:00:13]} 52. Ke4 {[%clk 00:00:27]} 52... Nxh4 {
[%clk 00:00:24]} 53. Kxe5 {[%clk 00:00:26]} 53... Nf3+ {[%clk 00:00:23]} 54.
Kd5 {[%clk 00:00:23]  [%emt 00:00:04]} 54... Kd7 {
[%clk 00:00:23]  [%emt 00:00:08]} 55. Be6+ {[%clk 00:00:24]} 55... Kc7 {
[%clk 00:00:24]  [%emt 00:00:03]} 56. c5 {[%clk 00:00:19]} 56... b5 {
[%clk 00:00:23]  [%emt 00:00:04]} 57. Bf5 {[%clk 00:00:12]  [%emt 00:00:27]}
57... h4 {[%clk 00:00:22]} 58. Ke4 {[%clk 00:00:12]  [%emt 00:00:09]} 58... h3
{[%clk 00:00:19]} 59. Kxf3 {[%clk 00:00:12]} 59... h2 {[%clk 00:00:20]} 60. Kg2
{[%clk 00:00:14]} 60... Kc6 {[%clk 00:00:21]} 61. Kxh2 {
[%clk 00:00:07]  [%emt 00:00:03]} 61... Kxc5 {[%clk 00:00:22]} 62. Bc8 {
[%clk 00:00:08]} 62... a5 {[%clk 00:00:23]} 63. Bd7 {[%clk 00:00:09]} 63... a4
{[%clk 00:00:24]} 64. Kg3 {[%clk 00:00:10]  [%emt 00:00:08]} 64... b4 1/2-1/2

[Event "XVII Open Internacional Villa de Ibi"]
[Site "Ibi, Spain"]
[Date "2019.09.08"]
[Round "8.2"]
[White "Granero Roca, Antonio"]
[Black "Cruz Lledo, Pablo"]
[Result "1/2-1/2"]
[WhiteElo "2354"]
[BlackElo "2452"]
[PlyCount "54"]
[EventDate "2019.??.??"]

1. d4 {[%clk 00:15:02]} 1... d5 {[%clk 00:15:03]} 2. c4 {[%clk 00:15:03]} 2...
e6 {[%clk 00:15:02]  [%emt 00:00:10]} 3. Nc3 {[%clk 00:15:02]} 3... a6 {
[%clk 00:15:02]  [%emt 00:00:03]} 4. cxd5 {[%clk 00:14:59]  [%emt 00:00:04]}
4... exd5 {[%clk 00:15:02]  [%emt 00:00:04]} 5. Nf3 {[%clk 00:14:59]} 5... c6 {
[%clk 00:15:01]  [%emt 00:00:04]} 6. Bf4 {[%clk 00:14:53]  [%emt 00:00:14]}
6... Bd6 {[%clk 00:15:01]} 7. Bxd6 {[%clk 00:14:43]  [%emt 00:00:04]} 7... Qxd6
{[%clk 00:15:01]  [%emt 00:00:47]} 8. e3 {[%clk 00:14:43]} 8... Ne7 {
[%clk 00:15:00]} 9. Bd3 {[%clk 00:14:41]} 9... Bf5 {[%clk 00:14:57]} 10. O-O {
[%clk 00:14:40]} 10... O-O {[%clk 00:14:55]} 11. a3 {
[%clk 00:14:36]  [%emt 00:00:08]} 11... Nd7 {[%clk 00:14:49]} 12. Rc1 {
[%clk 00:14:34]} 12... Bxd3 {[%clk 00:14:15]  [%emt 00:00:20]} 13. Qxd3 {
[%clk 00:14:33]  [%emt 00:00:32]} 13... Nb6 {[%clk 00:14:15]} 14. e4 {
[%clk 00:14:07]  [%emt 00:00:20]} 14... dxe4 {[%clk 00:13:53]  [%emt 00:00:16]}
15. Nxe4 {[%clk 00:14:07]} 15... Qh6 {[%clk 00:13:06]  [%emt 00:00:41]} 16. Nc5
{[%clk 00:13:54]  [%emt 00:00:54]} 16... Rab8 {[%clk 00:12:10]  [%emt 00:00:19]
} 17. Rce1 {[%clk 00:13:28]  [%emt 00:00:27]} 17... Ned5 {
[%clk 00:11:40]  [%emt 00:00:39]} 18. Re4 {[%clk 00:12:49]  [%emt 00:00:44]}
18... Nf4 {[%clk 00:11:06]  [%emt 00:00:26]} 19. Qd2 {
[%clk 00:12:13]  [%emt 00:00:43]} 19... Nbd5 {[%clk 00:10:46]  [%emt 00:00:21]}
20. Rfe1 {[%clk 00:10:30]  [%emt 00:02:14]} 20... Rfd8 {[%clk 00:10:28]} 21.
Nxb7 {[%clk 00:09:27]  [%emt 00:01:08]} 21... f5 {
[%clk 00:09:39]  [%emt 00:00:36]} 22. Rxf4 {[%clk 00:08:59]  [%emt 00:00:32]}
22... Rxb7 {[%clk 00:09:35]  [%emt 00:00:07]} 23. Rxf5 {
[%clk 00:08:41]  [%emt 00:00:16]} 23... Qxd2 {[%clk 00:09:29]  [%emt 00:00:22]}
24. Nxd2 {[%clk 00:08:42]} 24... Rxb2 {[%clk 00:09:29]} 25. Nc4 {
[%clk 00:08:41]} 25... Ra2 {[%clk 00:09:08]  [%emt 00:00:23]} 26. h3 {
[%clk 00:08:22]  [%emt 00:00:23]} 26... Nf6 {[%clk 00:09:08]} 27. Rd1 {
[%clk 00:08:00]  [%emt 00:00:15]} 27... Ne4 {[%clk 00:08:24]  [%emt 00:00:50]}
1/2-1/2

[Event "XVII Open Internacional Villa de Ibi"]
[Site "Ibi, Spain"]
[Date "2019.09.08"]
[Round "8.3"]
[White "Camarena Jimenez, Rufino"]
[Black "Carbonell Sancho, Marc"]
[Result "1-0"]
[WhiteElo "2328"]
[BlackElo "2182"]
[PlyCount "104"]
[EventDate "2019.??.??"]

1. d4 {[%clk 00:15:01]} 1... Nf6 {[%clk 00:15:03]  [%emt 00:00:42]} 2. c4 {
[%clk 00:15:01]} 2... g6 {[%clk 00:14:55]} 3. Nc3 {[%clk 00:15:01]} 3... Bg7 {
[%clk 00:14:56]} 4. e4 {[%clk 00:15:01]} 4... d6 {[%clk 00:14:57]} 5. Nf3 {
[%clk 00:15:00]} 5... O-O {[%clk 00:14:57]} 6. Be2 {[%clk 00:15:01]} 6... Nbd7
{[%clk 00:14:57]} 7. O-O {[%clk 00:14:53]} 7... e5 {[%clk 00:14:58]} 8. Be3 {
[%clk 00:14:19]  [%emt 00:00:44]} 8... exd4 {[%clk 00:14:56]} 9. Nxd4 {
[%clk 00:14:16]} 9... Re8 {[%clk 00:14:57]} 10. f3 {
[%clk 00:13:53]  [%emt 00:00:43]} 10... c6 {[%clk 00:14:57]} 11. Bf2 {
[%clk 00:13:21]  [%emt 00:00:11]} 11... a5 {[%clk 00:14:56]  [%emt 00:00:07]}
12. Qd2 {[%clk 00:12:40]  [%emt 00:00:40]} 12... Nc5 {
[%clk 00:14:52]  [%emt 00:00:07]} 13. Rfd1 {[%clk 00:12:36]  [%emt 00:00:05]}
13... Nfd7 {[%clk 00:13:06]  [%emt 00:01:45]} 14. Nb3 {
[%clk 00:12:03]  [%emt 00:00:38]} 14... Nxb3 {[%clk 00:11:02]  [%emt 00:02:04]}
15. axb3 {[%clk 00:12:02]  [%emt 00:00:14]} 15... Be5 {[%clk 00:11:03]} 16. b4
{[%clk 00:11:26]  [%emt 00:00:28]} 16... Qf6 {[%clk 00:09:03]  [%emt 00:02:03]}
17. Rxa5 {[%clk 00:11:03]  [%emt 00:00:49]} 17... Rxa5 {
[%clk 00:08:39]  [%emt 00:00:04]} 18. bxa5 {[%clk 00:11:04]  [%emt 00:00:20]}
18... Nc5 {[%clk 00:08:40]} 19. Qc2 {[%clk 00:07:37]  [%emt 00:03:15]} 19...
Ne6 {[%clk 00:08:40]} 20. Qc1 {[%clk 00:06:39]  [%emt 00:01:09]} 20... h5 {
[%clk 00:08:23]  [%emt 00:00:08]} 21. Na4 {[%clk 00:05:42]  [%emt 00:01:00]}
21... Nd4 {[%clk 00:07:55]  [%emt 00:00:25]} 22. Bf1 {
[%clk 00:05:27]  [%emt 00:00:28]} 22... h4 {[%clk 00:07:43]  [%emt 00:00:32]}
23. Qd2 {[%clk 00:04:25]  [%emt 00:00:35]} 23... Ne6 {
[%clk 00:07:41]  [%emt 00:00:34]} 24. Nb6 {[%clk 00:04:02]} 24... Kg7 {
[%clk 00:07:09]  [%emt 00:00:29]} 25. Nxc8 {[%clk 00:03:57]  [%emt 00:00:14]}
25... Rxc8 {[%clk 00:07:10]} 26. Be2 {[%clk 00:03:26]  [%emt 00:00:27]} 26...
c5 {[%clk 00:07:11]  [%emt 00:00:07]} 27. g3 {[%clk 00:02:45]  [%emt 00:00:38]}
27... g5 {[%clk 00:04:45]  [%emt 00:02:33]} 28. Kg2 {
[%clk 00:01:48]  [%emt 00:00:56]} 28... Rg8 {[%clk 00:04:30]  [%emt 00:00:32]}
29. Be3 {[%clk 00:01:34]} 29... Kh8 {[%clk 00:04:06]  [%emt 00:00:27]} 30. Qd5
{[%clk 00:01:23]  [%emt 00:00:10]} 30... Nf4+ {[%clk 00:04:00]  [%emt 00:00:10]
} 31. Bxf4 {[%clk 00:01:22]  [%emt 00:00:03]} 31... gxf4 {
[%clk 00:04:01]  [%emt 00:00:04]} 32. g4 {[%clk 00:01:23]} 32... Qe7 {
[%clk 00:03:56]  [%emt 00:00:08]} 33. h3 {[%clk 00:01:19]  [%emt 00:00:04]}
33... Ra8 {[%clk 00:03:56]  [%emt 00:00:03]} 34. Ra1 {
[%clk 00:01:13]  [%emt 00:00:08]} 34... Kg7 {[%clk 00:03:32]  [%emt 00:00:25]}
35. Ra3 {[%clk 00:01:13]  [%emt 00:00:03]} 35... Ra7 {
[%clk 00:03:14]  [%emt 00:00:20]} 36. Rb3 {[%clk 00:01:11]  [%emt 00:00:03]}
36... Qc7 {[%clk 00:03:15]} 37. Rb5 {[%clk 00:01:06]  [%emt 00:00:08]} 37...
Qc8 {[%clk 00:02:50]  [%emt 00:00:24]} 38. Bd1 {
[%clk 00:00:45]  [%emt 00:00:23]} 38... Qa8 {[%clk 00:02:39]  [%emt 00:00:13]}
39. b4 {[%clk 00:00:34]  [%emt 00:00:15]} 39... cxb4 {
[%clk 00:02:22]  [%emt 00:00:18]} 40. Bb3 {[%clk 00:00:28]  [%emt 00:00:50]}
40... b6 {[%clk 00:01:24]  [%emt 00:00:17]} 41. Qxa8 {
[%clk 00:00:28]  [%emt 00:00:11]} 41... Rxa8 {[%clk 00:01:25]} 42. axb6 Rb8 43.
Rxb4 {[%clk 00:00:26]} 43... Bd4 {[%clk 00:01:28]} 44. b7 {
[%clk 00:00:26]  [%emt 00:00:12]} 44... Bc5 {[%clk 00:01:30]} 45. Rb5 {
[%clk 00:00:23]} 45... Kf6 {[%clk 00:01:31]} 46. Ba4 {
[%clk 00:00:21]  [%emt 00:00:03]} 46... Ke5 {[%clk 00:01:27]  [%emt 00:00:06]}
47. Rb1 {[%clk 00:00:19]  [%emt 00:00:03]} 47... Kd4 {
[%clk 00:00:53]  [%emt 00:00:33]} 48. Bc6 {[%clk 00:00:20]  [%emt 00:00:19]}
48... Kxc4 {[%clk 00:00:54]} 49. Bd5+ {[%clk 00:00:19]} 49... Kd4 {
[%clk 00:00:44]  [%emt 00:00:21]} 50. Ra1 {[%clk 00:00:19]} 50... Bb6 {
[%clk 00:00:46]} 51. Ra6 {[%clk 00:00:17]  [%emt 00:00:03]} 51... Bc7 {
[%clk 00:00:47]} 52. Rc6 {[%clk 00:00:18]} 52... Rxb7 {[%clk 00:00:48]} 1-0

[Event "XVII Open Internacional Villa de Ibi"]
[Site "Ibi, Spain"]
[Date "2019.09.08"]
[Round "8.4"]
[White "Valmana Canto, Jaime"]
[Black "Martinez Tormo, Jorge"]
[Result "0-1"]
[WhiteElo "2416"]
[BlackElo "2119"]
[PlyCount "97"]
[EventDate "2019.??.??"]

1. e4 {[%clk 00:12:34]  [%emt 00:03:03]} 1... e5 {[%clk 00:15:02]} 2. Nf3 {
[%clk 00:12:33]} 2... Nc6 {[%clk 00:15:03]} 3. Bb5 {[%clk 00:12:33]} 3... a6 {
[%clk 00:15:04]  [%emt 00:00:04]} 4. Bxc6 {[%clk 00:12:33]} 4... dxc6 {
[%clk 00:15:03]} 5. O-O {[%clk 00:12:33]} 5... Bg4 {[%clk 00:14:54]} 6. h3 {
[%clk 00:12:21]  [%emt 00:00:05]} 6... h5 {[%clk 00:14:54]  [%emt 00:00:17]} 7.
d3 {[%clk 00:12:22]} 7... Qf6 {[%clk 00:14:50]} 8. Nbd2 {
[%clk 00:12:22]  [%emt 00:00:07]} 8... Ne7 {[%clk 00:14:34]  [%emt 00:00:05]}
9. Nc4 {[%clk 00:12:19]  [%emt 00:00:31]} 9... Bxf3 {
[%clk 00:14:30]  [%emt 00:00:03]} 10. Qxf3 {[%clk 00:12:20]} 10... Qxf3 {
[%clk 00:14:31]} 11. gxf3 {[%clk 00:12:20]} 11... Ng6 {[%clk 00:14:31]} 12. Be3
{[%clk 00:11:24]  [%emt 00:00:44]} 12... O-O-O {
[%clk 00:13:23]  [%emt 00:01:06]} 13. Rfd1 {[%clk 00:11:15]  [%emt 00:00:24]}
13... Bd6 {[%clk 00:12:23]  [%emt 00:00:51]} 14. Kf1 {
[%clk 00:09:55]  [%emt 00:01:22]} 14... f6 {[%clk 00:12:12]  [%emt 00:00:50]}
15. Ke2 {[%clk 00:09:45]} 15... Nf8 {[%clk 00:11:57]  [%emt 00:00:03]} 16. f4 {
[%clk 00:09:44]} 16... exf4 {[%clk 00:11:47]  [%emt 00:00:06]} 17. Nxd6+ {
[%clk 00:09:44]  [%emt 00:00:06]} 17... cxd6 {[%clk 00:11:40]  [%emt 00:00:04]}
18. Bxf4 {[%clk 00:09:44]  [%emt 00:00:17]} 18... Ne6 {
[%clk 00:11:32]  [%emt 00:00:09]} 19. Be3 {[%clk 00:09:28]  [%emt 00:00:12]}
19... g5 {[%clk 00:11:26]  [%emt 00:00:13]} 20. c4 {
[%clk 00:07:56]  [%emt 00:01:30]} 20... d5 {[%clk 00:10:47]  [%emt 00:00:29]}
21. cxd5 {[%emt 00:00:14]} 21... cxd5 {[%clk 00:10:48]} 22. Rac1+ {
[%clk 00:07:24]  [%emt 00:00:24]} 22... Kb8 {[%clk 00:10:49]  [%emt 00:00:07]}
23. f3 {[%clk 00:07:24]} 23... d4 {[%clk 00:10:39]  [%emt 00:00:10]} 24. Bd2 {
[%clk 00:07:13]  [%emt 00:00:11]} 24... Rd7 {[%clk 00:09:33]  [%emt 00:01:08]}
25. f4 {[%clk 00:05:45]  [%emt 00:01:35]} 25... gxf4 {
[%clk 00:08:18]  [%emt 00:01:12]} 26. Rg1 {[%clk 00:05:45]  [%emt 00:00:40]}
26... Rc8 {[%clk 00:07:36]  [%emt 00:00:08]} 27. Rg6 {
[%clk 00:03:38]  [%emt 00:02:07]} 27... Rxc1 {[%clk 00:07:07]  [%emt 00:00:45]}
28. Bxc1 {[%clk 00:03:39]} 28... Rc7 {[%clk 00:06:54]  [%emt 00:00:07]} 29. Bd2
{[%clk 00:02:33]  [%emt 00:01:04]} 29... Rc2 {[%clk 00:06:04]  [%emt 00:00:51]}
30. Rxf6 {[%clk 00:02:32]  [%emt 00:00:12]} 30... Nc5 {
[%clk 00:05:45]  [%emt 00:00:12]} 31. b4 {[%clk 00:02:02]  [%emt 00:00:36]}
31... Na4 {[%clk 00:05:40]  [%emt 00:00:12]} 32. a3 {
[%clk 00:01:30]  [%emt 00:00:24]} 32... Ra2 {[%clk 00:05:24]  [%emt 00:00:18]}
33. Ke1 {[%clk 00:00:31]  [%emt 00:01:05]} 33... Ra1+ {
[%clk 00:05:20]  [%emt 00:00:07]} 34. Ke2 {[%clk 00:00:32]} 34... Ra2 {
[%clk 00:05:20]  [%emt 00:00:08]} 35. Ke1 {[%clk 00:00:18]  [%emt 00:00:06]}
35... Ra1+ {[%clk 00:05:18]  [%emt 00:00:05]} 36. Ke2 {[%clk 00:00:20]} 36...
Nc3+ {[%clk 00:04:47]  [%emt 00:00:36]} 37. Kf3 {
[%clk 00:00:21]  [%emt 00:00:03]} 37... Rxa3 {[%clk 00:03:43]  [%emt 00:01:02]}
38. Bxf4+ {[%clk 00:00:21]  [%emt 00:00:07]} 38... Ka7 {[%clk 00:03:45]} 39.
Be5 {[%clk 00:00:20]} 39... Nb5 {[%clk 00:03:46]} 40. Ke2 {[%clk 00:00:21]}
40... Ra2+ {[%clk 00:03:47]} 41. Ke1 {[%clk 00:00:20]  [%emt 00:00:34]} 41...
Rb2 {[%clk 00:03:45]} 42. Rf5 {[%clk 00:00:12]  [%emt 00:00:06]} 42... h4 {
[%clk 00:03:42]} 43. Bf6 {[%clk 00:00:12]} 43... Rxb4 {[%clk 00:03:39]} 44.
Bxh4 {[%clk 00:00:10]} 44... Rb2 {[%clk 00:03:08]  [%emt 00:00:26]} 45. Be7 {
[%clk 00:00:09]  [%emt 00:00:35]} 45... a5 {[%clk 00:02:58]  [%emt 00:00:04]}
46. Bc5+ {[%clk 00:00:11]} 46... b6 {[%clk 00:02:57]} 47. Be7 {[%clk 00:00:05]}
47... a4 {[%clk 00:02:52]  [%emt 00:00:03]} 48. h4 {[%clk 00:00:06]} 48... a3 {
[%clk 00:02:39]  [%emt 00:00:07]} 49. Rxb5 {[%clk 00:00:03]  [%emt 00:00:30]}
0-1

[Event "XVII Open Internacional Villa de Ibi"]
[Site "Ibi, Spain"]
[Date "2019.09.08"]
[Round "8.5"]
[White "Campos Gambuti, Luis Maria"]
[Black "Ibanez Aullana, Ramon"]
[Result "1-0"]
[WhiteElo "2373"]
[BlackElo "2328"]
[PlyCount "110"]
[EventDate "2019.??.??"]

1. Nf3 {[%clk 00:15:02]  [%emt 00:02:51]} 1... Nf6 {
[%clk 00:15:02]  [%emt 00:00:11]} 2. g3 {[%clk 00:15:02]  [%emt 00:01:03]} 2...
b6 {[%clk 00:15:03]} 3. Bg2 {[%clk 00:15:02]} 3... Bb7 {[%clk 00:15:05]} 4. O-O
{[%clk 00:15:02]} 4... g6 {[%clk 00:15:03]} 5. b3 {[%clk 00:15:03]} 5... Bg7 {
[%clk 00:15:04]} 6. Bb2 {[%clk 00:15:04]} 6... O-O {[%clk 00:15:04]} 7. d4 {
[%clk 00:14:45]} 7... c5 {[%clk 00:14:58]  [%emt 00:00:05]} 8. c4 {
[%clk 00:14:22]  [%emt 00:00:54]} 8... cxd4 {[%clk 00:14:48]} 9. Bxd4 {
[%clk 00:14:18]} 9... Nc6 {[%clk 00:14:20]} 10. Bb2 {[%clk 00:14:19]} 10... d5
{[%clk 00:13:48]  [%emt 00:00:27]} 11. Na3 {[%clk 00:14:19]} 11... Rc8 {
[%clk 00:12:29]  [%emt 00:01:22]} 12. cxd5 {[%clk 00:13:44]  [%emt 00:00:43]}
12... Nxd5 {[%clk 00:12:25]  [%emt 00:00:04]} 13. Bxg7 {
[%clk 00:13:43]  [%emt 00:00:05]} 13... Kxg7 {[%clk 00:12:26]} 14. Qd2 {
[%clk 00:13:37]  [%emt 00:00:05]} 14... Nf6 {[%clk 00:11:52]  [%emt 00:00:35]}
15. Qb2 {[%clk 00:13:16]  [%emt 00:00:22]} 15... Rc7 {
[%clk 00:11:04]  [%emt 00:00:51]} 16. Rac1 {[%clk 00:11:21]  [%emt 00:01:56]}
16... Kg8 {[%clk 00:10:27]  [%emt 00:00:40]} 17. Rfd1 {
[%clk 00:10:28]  [%emt 00:00:55]} 17... Rd7 {[%clk 00:10:24]  [%emt 00:00:14]}
18. Rxd7 {[%clk 00:10:06]  [%emt 00:00:15]} 18... Qxd7 {[%clk 00:10:24]} 19.
Ne5 {[%clk 00:10:06]  [%emt 00:00:05]} 19... Nxe5 {
[%clk 00:10:18]  [%emt 00:00:28]} 20. Qxe5 {[%clk 00:09:40]  [%emt 00:00:07]}
20... Rc8 {[%clk 00:08:49]  [%emt 00:02:18]} 21. Rxc8+ Bxc8 {[%clk 00:08:50]}
22. h3 {[%clk 00:08:22]  [%emt 00:00:38]} 22... Kg7 {
[%clk 00:08:23]  [%emt 00:00:25]} 23. Nc4 {[%clk 00:08:12]  [%emt 00:00:12]}
23... Bb7 {[%clk 00:08:13]  [%emt 00:00:13]} 24. Bxb7 {
[%clk 00:07:13]  [%emt 00:01:04]} 24... Qxb7 {[%clk 00:08:14]} 25. g4 {
[%clk 00:07:04]  [%emt 00:00:09]} 25... Qe4 {[%clk 00:07:46]  [%emt 00:00:36]}
26. f3 {[%clk 00:06:53]  [%emt 00:00:08]} 26... Qxe5 {
[%clk 00:07:01]  [%emt 00:00:45]} 27. Nxe5 {[%clk 00:06:53]  [%emt 00:00:06]}
27... Nd5 {[%clk 00:07:03]} 28. Kf2 {[%clk 00:05:23]  [%emt 00:01:30]} 28...
Kf6 {[%clk 00:06:55]  [%emt 00:00:12]} 29. Nd3 {
[%clk 00:05:03]  [%emt 00:00:19]} 29... e5 {[%clk 00:04:38]  [%emt 00:02:18]}
30. h4 {[%clk 00:04:45]  [%emt 00:00:20]} 30... Ke6 {
[%clk 00:03:26]  [%emt 00:01:14]} 31. g5 {[%clk 00:03:57]  [%emt 00:00:49]}
31... Nc3 {[%clk 00:03:10]  [%emt 00:00:23]} 32. a4 {
[%clk 00:03:14]  [%emt 00:00:40]} 32... Nd1+ {[%clk 00:03:04]  [%emt 00:00:08]}
33. Kg3 {[%clk 00:02:56]  [%emt 00:00:21]} 33... Kd5 {
[%clk 00:02:47]  [%emt 00:00:19]} 34. Nb4+ {[%clk 00:02:13]  [%emt 00:00:45]}
34... Ke6 {[%clk 00:01:58]  [%emt 00:00:51]} 35. e4 {
[%clk 00:02:06]  [%emt 00:00:08]} 35... Nc3 {[%clk 00:01:38]  [%emt 00:00:23]}
36. Kf2 {[%clk 00:01:58]  [%emt 00:00:10]} 36... a5 {
[%clk 00:01:35]  [%emt 00:00:05]} 37. Nd3 {[%clk 00:01:55]  [%emt 00:00:07]}
37... b5 {[%clk 00:01:27]  [%emt 00:00:07]} 38. axb5 {
[%clk 00:01:51]  [%emt 00:00:11]} 38... Nxb5 {[%clk 00:01:27]} 39. Nc5+ {
[%clk 00:01:53]} 39... Kd6 {[%clk 00:00:23]  [%emt 00:01:14]} 40. Nb7+ {
[%clk 00:01:53]} 40... Kc7 {[%clk 00:00:14]  [%emt 00:00:05]} 41. Nxa5 {
[%clk 00:01:53]} 41... Nd4 {[%clk 00:00:16]  [%emt 00:00:04]} 42. Nc4 {
[%clk 00:01:50]  [%emt 00:00:04]} 42... Nc6 {[%clk 00:00:15]  [%emt 00:00:05]}
43. b4 {[%clk 00:01:48]} 43... Kd7 {[%clk 00:00:03]  [%emt 00:00:12]} 44. b5 {
[%clk 00:01:47]  [%emt 00:00:05]} 44... Nd4 {[%clk 00:00:04]} 45. b6 {
[%clk 00:01:39]  [%emt 00:00:12]} 45... Kc6 {[%clk 00:00:04]} 46. Nxe5+ {
[%clk 00:01:36]  [%emt 00:00:12]} 46... Kxb6 {[%clk 00:00:05]} 47. Nxf7 {
[%clk 00:01:36]} 47... Kc5 {[%clk 00:00:06]} 48. Ne5 {[%clk 00:01:34]} 48...
Ne6 {[%clk 00:00:06]  [%emt 00:00:05]} 49. Ng4 {[%clk 00:01:34]} 49... Kd4 {
[%clk 00:00:05]  [%emt 00:00:05]} 50. Nf6 {[%clk 00:01:27]  [%emt 00:00:06]}
50... Nf8 {[%clk 00:00:06]} 51. Kg3 {[%clk 00:01:27]  [%emt 00:00:06]} 51...
Ke5 {[%clk 00:00:05]  [%emt 00:00:05]} 52. f4+ {[%clk 00:01:25]} 52... Kd4 {
[%clk 00:00:07]} 53. Kf3 {[%clk 00:01:26]} 53... Kd3 {
[%clk 00:00:05]  [%emt 00:00:09]} 54. f5 {[%clk 00:01:23]  [%emt 00:00:13]}
54... Kd4 {[%clk 00:00:04]} 55. Kf4 {[%clk 00:01:24]} 55... gxf5 1-0